|
|
|
|
| LEADER |
00000cam a2200000 a 4500 |
| 001 |
vtls001180443 |
| 003 |
SK-MaSNL |
| 005 |
20260223235328.0 |
| 008 |
250414s1995 xr e 0 000 cze |
| 015 |
|
|
|a SNBZSA1995
|
| 020 |
|
|
|a 8070113367
|
| 035 |
|
|
|a SNK000123445
|
| 040 |
|
|
|a SNK
|b slo
|c SNK
|e AACR2
|
| 041 |
0 |
|
|a cze
|
| 044 |
|
|
|a xr
|c CZ
|
| 080 |
|
|
|a 912(437.1/.2):656.13
|2 1981
|
| 080 |
|
|
|a 656.13
|2 1981
|
| 080 |
|
|
|a 912(437.6)
|2 1981
|
| 245 |
0 |
0 |
|a Velký Autoatlas
|b Česká republika - Slovenská republika
|b S placenými úseky dálnic a silnic na straně 2 -3
|
| 250 |
|
|
|a 6. vyd.
|
| 260 |
|
|
|a Praha
|b Kartografie
|c 1995
|
| 300 |
|
|
|a 93 s.
|c 32 cm
|
| 852 |
|
|
|a Slovenská národná knižnica
|
| 919 |
|
|
|a 80-7011-336-7
|
| 954 |
|
|
|a Česko
|a Slovensko
|a autoatlasy
|
| 999 |
|
|
|c 757421
|d 759351
|
| 952 |
|
|
|a SNK
|b SNK
|y PREZ
|7 0
|p 17A0968092
|o snkSB 54689
|i snkZK 2046/95
|8 4
|0 0
|1 0
|4 0
|d 2015-11-20
|l 0
|r 2025-03-26 00:00:00
|w 2026-02-23
|